Троє у човні,якщо не рахувати собаки (Запис № 17778)

000 -Маркер запису
Контрольне поле сталої довжини 01861nam a22002657a 4500
003 - Належність контрольного номера
Контрольне поле Uzh_bibl
008 - Кодовані дані
Контрольне поле сталої довжини 260515b |||||||| |||| 00| 0 ukr d
020 ## - Індекс ISBN
ISBN 978-617-7563-13-5
Ціна 140.00
040 ## - Джерело каталогіз.
Код мови каталог. укр.
041 ## - Код мови видання
Код мови оригіналу англійська
Код мови тексту українська
080 ## - Індекс УДК
Індекс УДК 821(410)
090 ## - Шифри
Поличний індекс 821(410)
Авторський знак Д 40
100 ## - Автор
Автор Джером,Клапка Джером
245 ## - Назва
Назва Троє у човні,якщо не рахувати собаки
Відповідальність пер.з англ.Марка Лівіна
Фізичний носій Текст
260 ## - Вихідні дані
Місце видання Київ
Видавництво КНИГОЛАВ
Дата видання 2018
300 ## - Фізичний опис
Обсяг 176 с.
Тип одиниці В опр.
490 ## - Серія
Назва серії Серія "Золота полиця"
520 ## - Анотація
Анотація Повість Джерома К. Джерома про трьох нерозлучних друзів, які подорожують човном по Темзі, смішить людей уже понад 200 років. Гарріс, Джей і Джордж вирішують відпочити від міської метушні, але, як незабаром з'ясовується, не все так просто. Будь-яка дрібниця - починаючи від зборів і закінчуючи спробою відкрити бляшанку з консервами, - може стати причиною кумедних пригод. А коли в човні, крім трьох завзятих джентльменів, присутній ще й вкрай енергійний фокстер'єр, веселощі гарантовано, особливо читачам.
521 ## - Примітка про цільове призначення
Примітка про цільове призначення Для широкого кола читачів
546 ## - Примітка про мову
Примітка про мову укр.
650 ## - Тематичні рубрики
Основна рубрика Літературно-художнє видання
653 ## - Ключові слова
Ключові слова Подорож
-- Нерозлучні друзі
-- Кумедні пригоди
655 ## - Термін індексування — жанр/форма
Жанр/форма Фікшн
Типове ділення Повість
942 ## - ADDED ENTRY ELEMENTS (KOHA)
Джерело класифікації чи схема поличного розташування
Koha item type Книги
Фонди
Статус вилучення Статус втрати/відсутності Джерело класифікації чи схема поличного розташування Статус пошкодження Тип обігу (не для випозичання) Постійне розташування Поточне розташування Розташування у відділі Дата надходження Інвентарний номер Total Checkouts Повний (примірниковий) шифр зберігання Штрих-код Date last seen Дата, для якої чинна ціна заміни Тип одиниці (рівень примірника)
          Бібліотека-філія №3 Бібліотека-філія №3 Абонемент старший відділ 15/05/2026 70818   821(410) 4212 15/05/2026 15/05/2026 Книги

Працює на АБІС Коха